NCAA Institutions in Alabama - Statistics

General Stats
  • This quiz has been taken 19 times
  • The average score is 11 of 18
Answer Stats
Conference School Team Name % Correct
Division I SEC Alabama Crimson Tide
100%
Division I SEC Auburn Tigers
100%
Division I AAC Alabama-Birmingham Blazers
89%
Division I Sun Belt South Alabama Jaguars
89%
Division I Sun Belt Troy Trojans
89%
Division I SWAC Alabama A&M Bulldogs
83%
Division I C-USA Jacksonville State Gamecocks
83%
Division I SWAC Alabama State Hornets
78%
Division I ASUN North Alabama Lions
72%
Division II Gulf South West Alabama Tigers
61%
Division I Southern Samford Bulldogs
56%
Division II SIAC Tuskegee Golden Tigers
56%
Division II Gulf South Alabama-Huntsville Chargers
50%
Division II SIAC Spring Hill College Badgers
28%
Divison III CCS Huntingdon College Hawks
22%
Division II SIAC Miles College Golden Bears
22%
Division II Gulf South Montevallo Falcons
22%
Division II Gulf South Auburn-Montgomery Warhawks
17%
No matching quizzes found
Score Distribution
Percent of People with Each Score
Percentile by Number Answered
Your Score History
You have not taken this quiz